| 000 | 00627nam a22002177a 4500 | ||
|---|---|---|---|
| 003 | LC | ||
| 005 | 20160310151329.0 | ||
| 008 | 130918t xxu||||| |||| 00| 0 eng d | ||
| 020 | _a9780553803006 | ||
| 050 |
_aPS 3558.O587 _b.H785 2004 |
||
| 082 |
_aPS 3558.0587 _bS46 2003 |
||
| 100 |
_aHooper, Kay. _920857 |
||
| 245 |
_aSense of evil _c Kay Hooper |
||
| 260 |
_aNew York : _bBantam Books, _cc2003. |
||
| 300 |
_a357 p. : _e18 cm. |
||
| 650 | _aPolice -- Southern States -- Fiction. | ||
| 650 | _aGovernment investigators -- Fiction. | ||
| 650 | _aSouthern States -- Fiction. | ||
| 942 |
_2lcc _cBK |
||
| 999 |
_c11662 _d11662 |
||